| 000 | 00564nam a2200181Ia 4500 | ||
|---|---|---|---|
| 008 | 151018s9999 xx 000 0 und d | ||
| 082 |
_bRBASDV37906 _a891.463 |
||
| 100 | _aप्रशांत पोखरकर | ||
| 245 | _aगोटुल | ||
| 250 | _b1 | ||
| 260 |
_b"प्राजक्त प्रकाशन, पुणे " _c2004 |
||
| 300 | _a144 | ||
| 600 | _aप्रशांत पोखरकर | ||
| 630 | _aगोटुल | ||
| 700 | _aप्रशांत पोखरकर | ||
| 730 | _aगोटुल | ||
| 942 | _cBOOK | ||
| 999 |
_c1037318 _d1037315 |
||